UCL Winners, Sudden Death - Statistics

General Stats
  • This quiz has been taken 294 times
  • The average score is 8 of 13
Answers on the Grid
Answers color-coded by a green-red scale on the quiz's grid according to % correct below.
Nottingham Forest
Real Madrid
Atletico Madrid
Tottenham
Arsenal
Barcelona
Bayern Munchen
Ajax
Aston Villa
Paris-Saint German
Hamburg
Benfica
Celtic
Napoli
Valencia
Leeds United
Porto
Monaco
PSV Eindhoven
Bayer Leverkusen
Stuttgart
Marseille
Nice
Lille
Toulouse
Herta Berlin
Sampdoria
Red Star Belgrade
Club Brugge
Malmo FF
 
Answer Stats
Answer % Correct
Real Madrid
98%
Nottingham Forest
84%
Barcelona
78%
Bayern Munchen
76%
Ajax
74%
Aston Villa
64%
Benfica
50%
Porto
47%
Celtic
45%
Hamburg
44%
Marseille
42%
Red Star Belgrade
42%
PSV Eindhoven
40%
No matching quizzes found
Score Distribution
Percent of People with Each Score
Percentile by Number Answered
Your Score History
You have not taken this quiz